Normal view
MARC view
- Architecture and society
Entry Topical Term
001 - CONTROL NUMBER
- control field: 120832
003 - CONTROL NUMBER IDENTIFIER
- control field: NUST
005 - DATE AND TIME OF LATEST TRANSACTION
- control field: 20240220143424.0
008 - FIXED-LENGTH DATA ELEMENTS
- fixed length control field: 240220|| aca||aabn | a|a d
040 ## - CATALOGING SOURCE
- Original cataloging agency: NUST
- Transcribing agency: NUST
150 ## - HEADING--TOPICAL TERM
- Topical term or geographic name entry element: Architecture and society
- Geographic subdivision: California
- Geographic subdivision: Los Angeles
670 ## - SOURCE DATA FOUND
- Source citation: Work cat.: (NUST): Social transparency :, 2016.
